000 01016nam a2200241 a 4500
001 000026961
005 20240409073641.0
008 110328s1987 dr ac 001 0 spa d
040 _aDO-SdBNP
_bspa
_cBNPHU
082 _a972.93053
_bV422u
100 1 _aVega, Bernardo,
_d1938 -
_93222
245 1 3 _aUn interludio de tolerancia :
_bel acuerdo de Trujillo con los comunistas en 1946 /
_cBernardo Vega.
260 _aSanto Domingo :
_bFundación Cultural Dominicana,
_c1987.
300 _a514 p. :
_bil., retrs. ;
_c27 cm.
500 _aIncluye datos biográficos del autor en la contracubierta.
500 _aIncluye índice onomástico.
504 _aIncluye referencias bibliográficas y notas la pie de las páginas.
504 _aBibliografía: p.487-488.
650 4 _aComunismo
_xHistoria
_zRepública Dominicana
_954052
650 4 _aMovimientos anticomunistas
_954053
651 4 _aRepública Dominicana
_xPolítica Y Gobierno
_yERA DE TRUJILLO, 1930-1961
_91374
910 _aValidado. Control de calidad EMS.
999 _c26453
_d26453